| 000 | 00490nmm a2200157Ia 4500 | ||
|---|---|---|---|
| 008 | 251105s9999||||xx |||||||||||||||||und|| | ||
| 020 | _a9789562845595 | ||
| 041 | _aspa | ||
| 100 | _aBaeza, Jorge | ||
| 245 | 0 |
_aVivencias de un lector : _b Crónicas, reflexiones, cuentos y poemas |
|
| 264 |
_a[Santiago de Chile, Chile] : _bRil editores, _c2007 |
||
| 300 | _a320 páginas | ||
| 650 | _aLatin American narrative | ||
| 856 | _uhttps://public.digitaliapublishing.com/a/29709 | ||
| 942 | _cCF | ||
| 999 |
_c94398 _d94398 |
||